लय-1 : (Record no. 118950)

MARC details
000 -LEADER
fixed length control field 01150nam a22002537a 4500
005 - DATE AND TIME OF LATEST TRANSACTION
control field 20170124103124.0
010 ## - LIBRARY OF CONGRESS CONTROL NUMBER
LC control number 442156
020 ## - INTERNATIONAL STANDARD BOOK NUMBER
Terms of availability 03.00
035 ## - SYSTEM CONTROL NUMBER
System control number 442156
037 ## - SOURCE OF ACQUISITION
Source of stock number/acquisition Cen Lib/Ret
040 ## - CATALOGING SOURCE
Original cataloging agency DPL
Language of cataloging HN
082 ## - DEWEY DECIMAL CLASSIFICATION NUMBER
Classification number 821
Item number सत्यदे
100 ## - MAIN ENTRY--PERSONAL NAME
Personal name सत्यदेव राजहंस
9 (RLIN) 82651
245 ## - TITLE STATEMENT
Title लय-1 :
Statement of responsibility, etc सत्यदेव राजहंस
Remainder of title अधुनातन हिंदी कविता का निदिर्शयामी संकलन /
246 ## - VARYING FORM OF TITLE
Title proper/short title Lay-1 adhunatan hindi kavita ka nirdishayaami sanklan
Remainder of title by Satyadev Rajhans
260 ## - PUBLICATION, DISTRIBUTION, ETC. (IMPRINT)
Place of publication, distribution, etc रांची
Name of publisher, distributor, etc अभिज्ञान प्रकाशन
Date of publication, distribution, etc 1965
270 ## - ADDRESS
Address पुस्तक भवन
City रांची
300 ## - PHYSICAL DESCRIPTION
Extent 105पृष्ठ.
Dimensions 21सेमी(सजिल्द)
650 ## - SUBJECT ADDED ENTRY--TOPICAL TERM
Topical term or geographic name as entry element हिंदी साहित्य
9 (RLIN) 82652
650 ## - SUBJECT ADDED ENTRY--TOPICAL TERM
Topical term or geographic name as entry element हिंदी कविता संग्रह - आधुनिकता
9 (RLIN) 53189
650 ## - SUBJECT ADDED ENTRY--TOPICAL TERM
Topical term or geographic name as entry element Hindi literature
9 (RLIN) 82653
650 ## - SUBJECT ADDED ENTRY--TOPICAL TERM
Topical term or geographic name as entry element Hindi poetry collection - modernity
9 (RLIN) 82654
942 ## - ADDED ENTRY ELEMENTS (KOHA)
Source of classification or shelving scheme Dewey Decimal Classification
Koha item type Hindi Books
Classification part 821
Call number suffix सत्यदे
Holdings
Withdrawn status Lost status Damaged status Not for loan Home library Current library Date acquired Source of acquisition Cost, normal purchase price Total Checkouts Full call number Barcode Date last seen Copy number Cost, replacement price Price effective from Koha item type
        Central Library Central Library 14/09/2015 Cen Lib/Ret 3.00   821 सत्यदे 442156 14/09/2015 1 3.00 14/09/2015 Hindi Books

© Delhi Public Library
Hit Counter
free hit counter